000 00440nam a22001697a 4500
003 OSt
008 260506b |||||||| |||| 00| 0 eng d
082 _a633.491
_bP74P
100 _aPrasad, Mani Kant
245 _aPerformance of Potato (Solanum tuberosum L.) cultivars to Fertility Levels
260 _aPusa, Samastipur
_bRAU
_c1984
300 _a51P.
502 _bMsc.
_d1984
650 _aAgronomy
650 _aMsc.
942 _2ddc
_cT
999 _c50453
_d50453